| 000 | 00338nam a2200121Ia 4500 | ||
|---|---|---|---|
| 008 | 220204s9999 xx 000 0 und d | ||
| 082 |
_a338.43.01 _bNAB |
||
| 100 | _aShenoi, P V | ||
| 245 | 0 | _aOilseeds production, processing and trade : A policy framework | |
| 260 |
_aMumbai _bNABARD _c2003 |
||
| 490 | _aOccasional paper 26 | ||
| 942 | _cBK | ||
| 999 |
_c44051 _d44051 |
||